Statistics for Every Incorporated Municipality in New Hampshire

Click here to take the quiz!

General Stats

  • This quiz has been taken 4 times
  • The average score is 35 of 234

Answer Stats

PopulationCountyAnswer% Correct
10,051CoosBerlin
100%
42,695MerrimackConcord
100%
29,987StraffordDover
100%
109,565HillsboroughManchester
100%
86,494HillsboroughNashua
100%
29,752StraffordRochester
100%
763CoosCarroll
75%
33,109RockinghamDerry
75%
24,129RockinghamLondonderry
75%
20,779RockinghamPortsmouth
75%
2,523MerrimackChichester
50%
14,638StraffordDurham
50%
1,340GraftonGrafton
50%
3,549RockinghamGreenland
50%
15,430RockinghamHampton
50%
1,089MerrimackHill
50%
4,330StraffordLee
50%
1,771StraffordMadbury
50%
4,301RockinghamNorth Hampton
50%
869CoosPittsburg
50%
5,298RockinghamRye
50%
814RockinghamSouth Hampton
50%
677CheshireSullivan
50%
1,374GraftonWoodstock
50%
735CarrollAlbany
25%
5,250BelknapAlton
25%
2,637HillsboroughAntrim
25%
8,576StraffordBarrington
25%
2,788CarrollBartlett
25%
1,077GraftonBath
25%
1,476HillsboroughBennington
25%
364GraftonBenton
25%
2,526GraftonBethlehem
25%
7,519MerrimackBow
25%
3,054GraftonBristol
25%
3,333GraftonCampton
25%
3,909RockinghamCandia
25%
337CarrollChatham
25%
4,768RockinghamChester
25%
13,255SullivanClaremont
25%
2,301CoosColebrook
25%
757CoosColumbia
25%
10,115CarrollConway
25%
979CoosDalton
25%
304CoosDummer
25%
291CoosErrol
25%
6,786StraffordFarmington
25%
1,104GraftonFranconia
25%
1,489CarrollFreedom
25%
2,848CoosGorham
25%
1,749HillsboroughGreenfield
25%
2,236RockinghamHampton Falls
25%
11,260GraftonHanover
25%
41CarrollHart's Location
25%
6,011HillsboroughHillsborough
25%
7,684HillsboroughHollis
25%
13,451MerrimackHooksett
25%
816CarrollJackson
25%
1,107CoosJefferson
25%
23,409CheshireKeene
25%
15,951BelknapLaconia
25%
3,507CoosLancaster
25%
13,151GraftonLebanon
25%
1,662GraftonLincoln
25%
1,595GraftonLisbon
25%
5,928GraftonLittleton
25%
1,716GraftonLyme
25%
2,502CarrollMadison
25%
25,494HillsboroughMerrimack
25%
1,337CoosMilan
25%
788GraftonMonroe
25%
5,321HillsboroughNew Boston
25%
968RockinghamNew Castle
25%
753RockinghamNewington
25%
8,936RockinghamNewmarket
25%
2,288CoosNorthumberland
25%
4,345CarrollOssipee
25%
2,364SullivanPlainfield
25%
6,990GraftonPlymouth
25%
310CoosRandolph
25%
1,155CheshireRichmond
25%
2,527StraffordRollinsford
25%
28,776RockinghamSalem
25%
1,382MerrimackSalisbury
25%
8,693RockinghamSeabrook
25%
372CoosShelburne
25%
11,766StraffordSomersworth
25%
1,311SullivanSpringfield
25%
556CoosStark
25%
1,004CoosStewartstown
25%
3,991StraffordStrafford
25%
563GraftonSugar HIll
25%
3,365SullivanSunapee
25%
2,490GraftonThornton
25%
3,567BelknapTilton
25%
1,671SullivanUnity
25%
904GraftonWarren
25%
1,123SullivanWashington
25%
247GraftonWaterville Valley
25%
2,306CoosWhitefield
25%
6,269CarrollWolfeboro
25%
891SullivanAcworth
0%
1,613GraftonAlexandria
0%
4,322MerrimackAllenstown
0%
1,937CheshireAlstead
0%
11,201HillsboroughAmherst
0%
2,371MerrimackAndover
0%
2,076GraftonAshland
0%
6,751RockinghamAtkinson
0%
4,953RockinghamAuburn
0%
4,593BelknapBarnstead
0%
21,203HillsboroughBedford
0%
7,356BelknapBelmont
0%
3,965MerrimackBoscawen
0%
1,650MerrimackBradford
0%
4,486RockinghamBrentwood
0%
1,083GraftonBridgewater
0%
712CarrollBrookfield
0%
4,991HillsboroughBrookline
0%
3,909GraftonCanaan
0%
2,352MerrimackCanterbury
0%
1,096BelknapCenter Harbor
0%
5,114SullivanCharlestown
0%
3,604CheshireChesterfield
0%
265CoosClarksville
0%
1,640SullivanCornish
0%
764SullivanCroydon
0%
1,164MerrimackDanbury
0%
4,287RockinghamDanville
0%
4,280RockinghamDeerfield
0%
1,912HillsboroughDeering
0%
355GraftonDorchester
0%
1,597CheshireDublin
0%
2,758MerrimackDunbarton
0%
2,357RockinghamEast Kingston
0%
254GraftonEaston
0%
393CarrollEaton
0%
1,465CarrollEffingham
0%
83GraftonEllsworth
0%
4,582GraftonEnfield
0%
6,411RockinghamEpping
0%
4,566MerrimackEpsom
0%
14,306RockinghamExeter
0%
2,396CheshireFitzwilliam
0%
1,562HillsboroughFrancestown
0%
8,477MerrimackFranklin
0%
4,283RockinghamFremont
0%
7,126BelknapGilford
0%
3,777BelknapGilmanton
0%
813CheshireGilsum
0%
17,651HillsboroughGoffstown
0%
810SullivanGoshen
0%
2,985SullivanGrantham
0%
2,105HillsboroughGreenville
0%
593GraftonGroton
0%
8,523RockinghamHampstead
0%
1,654HillsboroughHancock
0%
961CheshireHarrisville
0%
4,697GraftonHaverhill
0%
602GraftonHebron
0%
4,836MerrimackHenniker
0%
4,046CheshireHinsdale
0%
2,108GraftonHolderness
0%
5,589MerrimackHopkinton
0%
24,467HillsboroughHudson
0%
5,457CheshireJaffrey
0%
2,124RockinghamKensington
0%
6,025RockinghamKingston
0%
415GraftonLandaff
0%
688SullivanLangdon
0%
1,154SullivanLempster
0%
8,271HillsboroughLitchfield
0%
5,317MerrimackLoudon
0%
533GraftonLyman
0%
1,683HillsboroughLyndeborough
0%
2,603CheshireMarlborough
0%
742CheshireMarlow
0%
1,382HillsboroughMason
0%
6,241BelknapMeredith
0%
1,783StraffordMiddleton
0%
15,115HillsboroughMilford
0%
4,598StraffordMilton
0%
4,044CarrollMoultonborough
0%
2,409HillsboroughMount Vernon
0%
729CheshireNelson
0%
2,072MerrimackNewbury
0%
2,638StraffordNew Durham
0%
1,680RockinghamNewfields
0%
2,165BelknapNew Hampton
0%
5,099HillsboroughNew Ipswich
0%
4,397MerrimackNew London
0%
6,507SullivanNewport
0%
4,603RockinghamNewton
0%
4,829MerrimackNorthfield
0%
4,241RockinghamNorthwood
0%
4,785RockinghamNottingham
0%
331GraftonOrange
0%
1,237GraftonOrford
0%
12,897HillsboroughPelham
0%
7,115MerrimackPembroke
0%
6,284HillsboroughPeterborough
0%
790GraftonPiermont
0%
4,106MerrimackPittsfield
0%
7,609RockinghamPlaistow
0%
10,138RockinghamRaymond
0%
6,014CheshireRindge
0%
229CheshireRoxbury
0%
1,480GraftonRumney
0%
2,966BelknapSanbornton
0%
5,986RockinghamSandown
0%
1,326CarrollSandwich
0%
352HillsboroughSharon
0%
1,232CheshireStoddard
0%
746CoosStratford
0%
7,255RockinghamStratham
0%
732CheshireSurry
0%
1,837MerrimackSutton
0%
7,230CheshireSwanzey
0%
2,856CarrollTamworth
0%
1,366HillsboroughTemple
0%
2,145CheshireTroy
0%
2,387CarrollTuftonboro
0%
5,078CarrollWakefield
0%
3,734CheshireWalpole
0%
2,833MarrimackWarner
0%
8,785HillsboroughWeare
0%
1,872MerrimackWebster
0%
911GraftonWentworth
0%
1,874CheshireWestmoreland
0%
1,358MerrimackWilmot
0%
3,677HillsboroughWilton
0%
4,341CheshireWinchester
0%
13,592RockinghamWindham
0%
224HillsboroughWindson
0%

Score Distribution

Percentile by Number Answered

Percent of People with Each Score

Your Score History

You have not taken this quiz